|
|
|
|
| LEADER |
00000nam a2200000Ii 4500 |
| 001 |
DIGEDUV0022 |
| 003 |
NyNyDIG |
| 006 |
m o d |
| 007 |
cr ||||||||||| |
| 008 |
130301s2009 ag ob 000 p spa d |
| 020 |
|
|
|z 9789871518340
|
| 020 |
|
|
|z 987151834X
|
| 035 |
|
|
|a (OCoLC)888265788
|
| 040 |
|
|
|a DGITA
|b eng
|e pn
|c DGITA
|
| 043 |
|
|
|a s-ag---
|
| 050 |
1 |
4 |
|a PQ7792.V552 eBook
|
| 245 |
0 |
0 |
|a Villa María en la voz de sus poetas :
|b cinco clásicos /
|c [selección y prólogo de Olga Elena Dominici].
|
| 250 |
|
|
|a 1. ed.
|
| 264 |
|
1 |
|a Villa María, Córdoba, Argentina :
|b EDUVIM, Editorial Universitaria Villa María,
|c 2009.
|
| 300 |
|
|
|a 1 online resource (70 pages)
|
| 336 |
|
|
|a text
|b txt
|2 rdacontent
|
| 337 |
|
|
|a computer
|b c
|2 rdamedia
|
| 338 |
|
|
|a online resource
|b cr
|2 rdacarrier
|
| 490 |
1 |
|
|a + Libros + Libres ;
|v 1.
|
| 500 |
|
|
|a Poems.
|
| 504 |
|
|
|a Includes bibliographical references (p. 69-70).
|
| 505 |
0 |
|
|a Bruno B. Ceballos -- Horacio Roqué -- Geremías Monti -- Rosa Vázquez Tejeda de Theaux -- Tessie Ricci.
|
| 650 |
|
0 |
|a Argentine poetry
|z Argentina
|z Villa María (Córdoba)
|
| 651 |
|
0 |
|a Villa María (Córdoba, Argentina)
|x Poetry.
|
| 655 |
|
0 |
|a Electronic books.
|
| 700 |
1 |
|
|a Dominici, Olga Elena.
|
| 791 |
2 |
|
|a Digitalia (Firm),
|e distributor.
|
| 830 |
|
0 |
|a + Libros + Libres ;
|v 1.
|
| 793 |
0 |
|
|g Digitalia eBook Collection:
|a Ediciones Eduvim
|
| 856 |
4 |
0 |
|3 Digitalia Hispánica
|u https://www.digitaliapublishing.com/a/14512/
|
| 910 |
|
|
|a Premium Collection: 2007-2012
|